[Event "Chelyabinskiy variant-A 2021"]
[Site "Chelyabinsk"]
[Date "2021.03.28"]
[Round "7.11"]
[White "Garifullina, Leya"]
[Black "Nesterov, Arseniy"]
[Result "1/2-1/2"]
[WhiteElo "2375"]
[BlackElo "2476"]
[Annotator "ChessBase"]
[PlyCount "63"]
[EventDate "2021.03.23"]
[EventType "swiss"]
[EventCountry "RUS"]
[SourceTitle "playchess.com"]
[Source "ChessBase"]
[SourceQuality "1"]
[TimeControl "5400+30"]

1. e4 {[%emt 0:00:00]} e5 {[%emt 0:00:00]} 2. Nf3 {[%emt 0:00:00]} Nc6 {[%emt 0:00:00]} 3. Bb5 {[%emt 0:00:00]} a6 {[%emt 0:00:00]} 4. Ba4 {[%emt 0:00:00]} b5 {[%emt 0:00:00]} 5. Bb3 {[%emt 0:00:00]} Na5 {[%emt 0:00:00]} 6. O-O {[%emt 0:00:14]} d6 {[%emt 0:00:00]} 7. d4 {[%emt 0:00:05]} exd4 {[%emt 0:00:00]} 8. Nxd4 {[%emt 0:00:05]} Bb7 {[%emt 0:00:00]} 9. Bd2 {[%emt 0:00:08]} Nxb3 {[%emt 0:00:00]} 10. Nxb3 {[%emt 0:00:05]} Rb8 {[%emt 0:00:00]} 11. a4 {[%emt 0:00:06]} bxa4 {[%emt 0:00:04]} 12. Rxa4 {[%emt 0:00:04]} Nf6 {[%emt 0:00:17]} 13. Nc3 {[%emt 0:00:08]} Be7 {[%emt 0:00:24]} 14. Bf4 {[%emt 0:06:18]} O-O {[%emt 0:06:47]} 15. e5 {[%emt 0:03:14]} dxe5 {[%emt 0:04:09]} 16. Qxd8 {[%emt 0:00:47]} Rbxd8 {[%emt 0:02:07]} 17. Bxe5 {[%emt 0:00:07]} Nd5 {[%emt 0:04:30]} 18. Rc4 {[%emt 0:02:55]} f6 {[%emt 0:09:43]} 19. Bd4 {[%emt 0:06:33]} Bd6 {[%emt 0:02:00]} 20. Nxd5 {[%emt 0:03:55]} Bxd5 {[%emt 0:00:02]} 21. Ra4 {[%emt 0:00:05]} Rfe8 {[%emt 0:04:23]} 22. Be3 {[%emt 0:03:28]} Bxb3 {[%emt 0:00:16]} 23. cxb3 {[%emt 0:00:06]} Rb8 {[%emt 0:00:14]} 24. Rxa6 {[%emt 0:00:50]} Rxb3 {[%emt 0:00:05]} 25. Bd4 {[%emt 0:00:05]} Rd3 {[%emt 0:00:56]} 26. Bc3 {[%emt 0:00:20]} Bc5 {[%emt 0:00:47]} 27. Raa1 {[%emt 0:00:35]} Kf7 {[%emt 0:04:21]} 28. Rfe1 {[%emt 0:00:18]} Re6 {[%emt 0:01:15]} 29. Rxe6 {[%emt 0:00:34]} Kxe6 {[%emt 0:00:01]} 30. Kf1 {[%emt 0:00:08]} Bb6 {[%emt 0:00:25]} 31. Ke2 {[%emt 0:00:06]} Rd5 {[%emt 0:00:02]} 32. Ra4 {[%emt 0:00:44]} 1/2-1/2

[Event "Chelyabinskiy variant-A 2021"]
[Site "Chelyabinsk"]
[Date "2021.03.28"]
[Round "7.12"]
[White "Aleksandrov, Aleksej"]
[Black "Sitnikov, Anton"]
[Result "1/2-1/2"]
[WhiteElo "2563"]
[BlackElo "2437"]
[Annotator "ChessBase"]
[PlyCount "81"]
[EventDate "2021.03.23"]
[EventType "swiss"]
[EventCountry "RUS"]
[SourceTitle "playchess.com"]
[Source "ChessBase"]
[SourceQuality "1"]
[TimeControl "5400+30"]

1. f4 {[%emt 0:00:00]} b6 {[%emt 0:07:07]} 2. d3 {[%emt 0:08:09]} Bb7 {[%emt 0:00:54]} 3. e4 {[%emt 0:00:11]} g6 {[%emt 0:07:17]} 4. Nf3 {[%emt 0:02:23]} Bg7 {[%emt 0:00:09]} 5. Be2 {[%emt 0:00:21]} e6 {[%emt 0:09:06]} 6. c3 {[%emt 0:01:06]} Ne7 {[%emt 0:01:10]} 7. Be3 {[%emt 0:00:08]} d6 {[%emt 0:11:14]} 8. Nbd2 {[%emt 0:04:47]} Nd7 {[%emt 0:01:08]} 9. h3 {[%emt 0:05:04]} e5 {[%emt 0:01:52]} 10. fxe5 {[%emt 0:08:26]} Nxe5 {[%emt 0:10:30]} 11. O-O {[%emt 0:01:20]} O-O {[%emt 0:00:30]} 12. Qb3 {[%emt 0:01:26]} h6 {[%emt 0:11:30]} 13. Rf2 {[%emt 0:08:58]} Nxf3+ {[%emt 0:01:48]} 14. Bxf3 {[%emt 0:02:36]} Kh8 {[%emt 0:07:12]} 15. Bg4 {[%emt 0:06:25]} f5 {[%emt 0:03:30]} 16. exf5 {[%emt 0:00:22]} Nxf5 {[%emt 0:00:30]} 17. Bxf5 {[%emt 0:00:13]} Rxf5 {[%emt 0:00:54]} 18. Rxf5 {[%emt 0:00:09]} gxf5 {[%emt 0:00:04]} 19. Qf7 {[%emt 0:10:05]} Qe8 {[%emt 0:17:50]} 20. Qxe8+ {[%emt 0:00:05]} Rxe8 {[%emt 0:00:03]} 21. Re1 {[%emt 0:00:13]} a5 {[%emt 0:03:55]} 22. Nf3 {[%emt 0:00:56]} Kh7 {[%emt 0:02:04]} 23. Kf2 {[%emt 0:00:53]} a4 {[%emt 0:00:25]} 24. a3 {[%emt 0:00:24]} c5 {[%emt 0:00:16]} 25. Bf4 {[%emt 0:00:21]} Rxe1 {[%emt 0:00:13]} 26. Nxe1 {[%emt 0:00:36]} d5 {[%emt 0:00:15]} 27. Nf3 {[%emt 0:01:41]} d4 {[%emt 0:01:13]} 28. c4 {[%emt 0:00:08]} Ba6 {[%emt 0:00:47]} 29. Bd6 {[%emt 0:01:21]} Kg6 {[%emt 0:00:22]} 30. Nd2 {[%emt 0:00:19]} Kf7 {[%emt 0:00:22]} 31. Bc7 {[%emt 0:01:17]} b5 {[%emt 0:00:05]} 32. Bd6 {[%emt 0:00:12]} Bf8 {[%emt 0:01:03]} 33. Bxf8 {[%emt 0:00:08]} Kxf8 {[%emt 0:00:01]} 34. Kg3 {[%emt 0:01:26]} Kf7 {[%emt 0:01:04]} 35. Kf4 {[%emt 0:00:20]} Ke6 {[%emt 0:00:34]} 36. g4 {[%emt 0:02:51]} fxg4 {[%emt 0:00:03]} 37. hxg4 {[%emt 0:00:06]} bxc4 {[%emt 0:00:05]} 38. dxc4 {[%emt 0:00:06]} Kd6 {[%emt 0:01:19]} 39. Ne4+ {[%emt 0:01:32]} Kc6 {[%emt 0:00:04]} 40. Nd2 {[%emt 0:00:27]} Kd6 {[%emt 0:00:37]} 41. Ne4+ {[%emt 0:00:08]} 1/2-1/2

[Event "Chelyabinskiy variant-A 2021"]
[Site "Chelyabinsk"]
[Date "2021.03.28"]
[Round "7.13"]
[White "Afanasiev, Nikita"]
[Black "Obgolts, Erik"]
[Result "1-0"]
[WhiteElo "2519"]
[BlackElo "2404"]
[Annotator "ChessBase"]
[PlyCount "71"]
[EventDate "2021.03.23"]
[EventType "swiss"]
[EventCountry "RUS"]
[SourceTitle "playchess.com"]
[Source "ChessBase"]
[SourceQuality "1"]
[TimeControl "5400+30"]

1. d4 {[%emt 0:01:15]} Nf6 {[%emt 0:01:24]} 2. c4 {[%emt 0:00:21]} g6 {[%emt 0:00:06]} 3. Nc3 {[%emt 0:00:15]} Bg7 {[%emt 0:00:23]} 4. e4 {[%emt 0:00:17]} d6 {[%emt 0:00:22]} 5. Nf3 {[%emt 0:01:59]} O-O {[%emt 0:00:19]} 6. Be2 {[%emt 0:00:07]} Bg4 {[%emt 0:01:01]} 7. Be3 {[%emt 0:01:18]} Nfd7 {[%emt 0:00:05]} 8. O-O {[%emt 0:01:26]} e5 {[%emt 0:00:26]} 9. d5 {[%emt 0:03:49]} a5 {[%emt 0:00:05]} 10. Nd2 {[%emt 0:08:29]} Bxe2 {[%emt 0:00:31]} 11. Qxe2 {[%emt 0:00:05]} f5 {[%emt 0:00:18]} 12. f3 {[%emt 0:03:16]} Na6 {[%emt 0:02:01]} 13. a3 {[%emt 0:02:32]} Qh4 {[%emt 0:00:12]} 14. Bf2 {[%emt 0:05:05]} Qg5 {[%emt 0:07:42]} 15. Be3 {[%emt 0:09:54]} Qh4 {[%emt 0:01:33]} 16. Rab1 {[%emt 0:21:23]} Bh6 {[%emt 0:01:26]} 17. b4 {[%emt 0:02:31]} Bxe3+ {[%emt 0:01:09]} 18. Qxe3 {[%emt 0:02:10]} axb4 {[%emt 0:03:22]} 19. axb4 {[%emt 0:00:04]} c5 {[%emt 0:14:18]} 20. dxc6 {[%emt 0:04:19]} bxc6 {[%emt 0:00:04]} 21. b5 {[%emt 0:00:12]} Nc7 {[%emt 0:02:26]} 22. bxc6 {[%emt 0:01:24]} Nc5 {[%emt 0:00:15]} 23. Nd5 {[%emt 0:04:25]} f4 {[%emt 0:26:22]} 24. Qc3 {[%emt 0:06:03]} N7e6 {[%emt 0:04:11]} 25. Nb3 {[%emt 0:05:51]} Nxb3 {[%emt 0:07:35]} 26. Rxb3 {[%emt 0:01:08]} Rac8 {[%emt 0:05:18]} 27. Rb7 {[%emt 0:02:04]} Nd4 {[%emt 0:02:26]} 28. Qd2 {[%emt 0:00:08]} Rf7 {[%emt 0:04:52]} 29. Rxf7 {[%emt 0:00:55]} Kxf7 {[%emt 0:00:06]} 30. c7 {[%emt 0:00:18]} g5 {[%emt 0:04:59]} 31. Qf2 {[%emt 0:01:02]} Qh5 {[%emt 0:02:11]} 32. Qa2 {[%emt 0:05:55]} g4 {[%emt 0:05:03]} 33. c5 {[%emt 0:01:00]} Kg7 {[%emt 0:00:04]} 34. cxd6 {[%emt 0:01:30]} gxf3 {[%emt 0:00:22]} 35. gxf3 {[%emt 0:00:19]} Kh6 {[%emt 0:01:20]} 36. Qg2 {[%emt 0:01:30]} 1-0

[Event "Chelyabinskiy variant-A 2021"]
[Site "Chelyabinsk"]
[Date "2021.03.29"]
[Round "8.2"]
[White "Ponkratov, Pavel"]
[Black "Frolyanov, Dmitry"]
[Result "1-0"]
[WhiteElo "2619"]
[BlackElo "2542"]
[Annotator "TA"]
[PlyCount "155"]
[EventDate "2021.03.23"]
[EventType "swiss"]
[EventCountry "RUS"]
[SourceTitle "playchess.com"]
[Source "ChessBase"]
[SourceQuality "1"]

{[%evp 10,155,25,14,21,-11,0,0,0,-7,43,31,45,36,40,33,47,35,37,26,56,57,60,66,66,62,54,54,56,58,59,64,63,61,53,59,59,63,58,59,62,56,89,96,88,81,96,96,96,96,96,96,107,106,118,102,107,90,116,114,114,114,118,117,115,83,68,52,43,10,13,33,9,9,11,33,26,0,8,0,0,0,0,0,0,0,0,0,0,0,0,0,0,0,126,66,85,85,85,85,85,85,85,85,94,0,0,0,0,16,343,320,316,282,211,317,298,272,245,0,0,0,0,0,0,0,0,0,0,0,0,0,0,0,0,0,5130,5130,5130,5130,5121,1274,29982,29983,29985,29986,29986,29987]} 1. d4 Nf6 2. Nf3 d5 3. c4 e6 4. g3 dxc4 5. Bg2 a6 6. Ne5 Bb4+ {E04: Open Catalan: 5 Nf3.} 7. Bd2 (7. Nc3 $5 {[%cal Rd1a4]} Nd5 8. Bd2 $11) 7... Qxd4 8. Bxb4 Qxe5 {The position is equal.} 9. Na3 {[#]} a5 $146 ({Predecessor:} 9... Nc6 10. Bc3 Qc5 11. Qa4 Bd7 12. Qxc4 Qxc4 13. Nxc4 O-O-O 14. O-O-O Ng4 15. Rdf1 f6 {0-1 (44) Schneider,I (2483)-Popov,V (2547) Tallinn 2019}) 10. Nxc4 Qb5 {[%mdl 64] Double Attack} 11. Ba3 $36 {[%mdl 2048] Black is under pressure.} Nc6 (11... Qxc4 $6 12. Rc1 $16) 12. Qd3 Qa6 $1 13. Rd1 {White threatens Bxc6+ and mate.} (13. Bxc6+ Qxc6 14. O-O-O Bd7 $15) 13... Bd7 14. Bxc6 Qxc6 15. O-O Qa6 16. b3 b5 17. Ne5 {[%cal Re5d7]} b4 18. Nxd7 Qxd3 19. Nxf6+ gxf6 20. Rxd3 bxa3 $14 {[%mdl 4096] Endgame KRR-KRR} 21. Rc1 Ra7 22. Rd4 Ke7 23. Ra4 Rd8 24. e3 Rd5 25. Rxa3 f5 26. Ra4 Kf6 27. Rc2 c5 28. Kf1 Ke5 29. Ke2 Kd6 30. Rh4 f6 31. Rh6 Rf7 32. Rc4 Kc6 33. h3 Rdd7 34. g4 fxg4 35. hxg4 Rd6 36. Ra4 Kb5 37. Rf4 e5 38. a4+ Kc6 39. Rf5 (39. Rc4 {is interesting.} f5 40. Rh5 fxg4 41. Rxe5 Rd5 42. Re6+) 39... Rb7 $1 40. Rfxf6 Rxf6 41. Rxf6+ $11 {KR-KR} Kd5 42. Rf5 Kd6 43. Rf6+ Kd5 44. Ra6 (44. g5 {with more complications.} Rxb3 45. Rf7 Ra3 46. Rd7+ Ke6 47. Rxh7 Rxa4 48. Rc7) 44... Rxb3 45. Rxa5 (45. Ra7 {is more complex.} Rb4 46. Kf3 Rxa4 47. Rd7+ Kc6 48. Rxh7 Ra1 49. Ke4) 45... Rb2+ 46. Kf3 e4+ 47. Kg3 Rb7 48. Ra8 Rc7 49. Kf4 Rf7+ 50. Kg3 Rc7 {Threatens to win with ...c4.} 51. Rd8+ Ke5 (51... Kc4 $11 {keeps the balance.}) 52. Rd1 ({Better is} 52. a5 $1 $16) 52... Rg7 53. Rh1 $1 c4 54. a5 {[%cal Ba4a5,Ba5a6,Ba6a7][%mdl 32]} Kd5 55. Rh5+ Kc6 56. Kf4 Re7 57. Rh1 (57. g5 $1 $16) 57... Kc5 58. Rc1 Kb4 {Threatening ...c3.} 59. a6 {aiming for Rb1+.} c3 $2 {[%mdl 8192]} (59... Re8 $1 $11 {and Black is okay.}) 60. Rb1+ $1 $18 Kc4 61. Rb7 Re8 62. a7 $1 {Rb8 is the strong threat.} (62. Rxh7 Kd3 $14) 62... Ra8 63. Kxe4 (63. Rxh7 c2 $11) 63... c2 64. Rxh7 $2 ({Worse is} 64. Rc7+ Kb3 $11) (64. g5 $1 $18) 64... Kb3 $1 $11 ({Much weaker is} 64... Re8+ $6 65. Kf4 $16) 65. Rb7+ Ka2 $1 66. Rc7 Kb1 $1 67. Rb7+ Ka2 (67... Ka1 $5 68. Rc7 $8 Kb1 $11) 68. Rc7 Kb1 $1 69. g5 Rxa7 $1 70. Rxc2 Kxc2 {KR-K3P} 71. g6 {Black must now prevent f4.} Kd2 72. Kf5 {Strongly threatening e4.} Ke2 $2 {[%mdl 8192] [#]} (72... Kd3 $11) 73. e4 $1 $18 {[%cal Re4e5]} Kxf2 {[#]} 74. e5 $1 {[%cal Re5e6]} Kg3 75. e6 Kh4 76. Kf6 {White mates.} Kh5 77. g7 Ra8 78. Kf7 {Weighted Error Value: White=0.06/Black=0.15} 1-0

[Event "Chelyabinskiy variant-A 2021"]
[Site "Chelyabinsk"]
[Date "2021.03.29"]
[Round "8.3"]
[White "Makarian, Rudik"]
[Black "Lysyj, Igor"]
[Result "1/2-1/2"]
[WhiteElo "2458"]
[BlackElo "2605"]
[Annotator "TA"]
[PlyCount "43"]
[EventDate "2021.03.23"]
[EventType "swiss"]
[EventCountry "RUS"]
[SourceTitle "playchess.com"]
[Source "ChessBase"]
[SourceQuality "1"]

{[%evp 16,26,14,16,14,22,24,13,3,22,0,9,8]} 1. e4 e5 2. Nf3 Nc6 3. Bb5 Nf6 4. O-O Nxe4 5. Re1 Nd6 6. Nxe5 Nxe5 7. Rxe5+ Be7 8. Bf1 O-O 9. d4 Ne8 {C67: Ruy Lopez: Berlin Defence: 4 0-0 Nxe4.} 10. c4 Bf6 11. Re1 d5 {The position is equal.} 12. cxd5 Qxd5 13. Be3 Be6 {[#] Not much happened in this game.  Weighted Error Value: White=0.00/Black=0.00} {Predecessor:} 14. Nc3 $146 Qd8 15. d5 Bf5 16. Bd4 Nd6 17. h3 a6 18. a4 Re8 19. Rxe8+ Nxe8 20. a5 Bxd4 21. Qxd4 Qe7 22. Qd2 {½-½ (22) Giri,A (2779)-Nakamura,H (2754) Paris 2019} 1/2-1/2

[Event "Chelyabinskiy variant-A 2021"]
[Site "Chelyabinsk"]
[Date "2021.03.29"]
[Round "8.4"]
[White "Suleymenov, Alisher"]
[Black "Fedorov, Alexei"]
[Result "1/2-1/2"]
[WhiteElo "2440"]
[BlackElo "2529"]
[Annotator "ChessBase"]
[PlyCount "62"]
[EventDate "2021.03.23"]
[EventType "swiss"]
[EventCountry "RUS"]
[SourceTitle "playchess.com"]
[Source "ChessBase"]
[SourceQuality "1"]
[TimeControl "5400+30"]

1. d4 {[%emt 0:00:34]} Nf6 {[%emt 0:00:00]} 2. c4 {[%emt 0:00:04]} g6 {[%emt 0:00:00]} 3. Nc3 {[%emt 0:00:04]} Bg7 {[%emt 0:00:00]} 4. e4 {[%emt 0:00:03]} d6 {[%emt 0:00:00]} 5. h3 {[%emt 0:00:03]} Nbd7 {[%emt 0:01:22]} 6. Be3 {[%emt 0:00:05]} e5 {[%emt 0:00:08]} 7. d5 {[%emt 0:00:04]} Nc5 {[%emt 0:00:32]} 8. Qc2 {[%emt 0:00:06]} a5 {[%emt 0:02:06]} 9. g4 {[%emt 0:00:10]} h5 {[%emt 0:00:50]} 10. g5 {[%emt 0:00:33]} Nfd7 {[%emt 0:00:06]} 11. O-O-O {[%emt 0:09:19]} O-O {[%emt 0:00:37]} 12. Nf3 {[%emt 0:02:28]} a4 {[%emt 0:06:21]} 13. Be2 {[%emt 0:12:20]} c6 {[%emt 0:05:58]} 14. Kb1 {[%emt 0:06:15]} Qa5 {[%emt 0:07:10]} 15. Nh4 {[%emt 0:02:16]} Nb6 {[%emt 0:10:26]} 16. Rhg1 {[%emt 0:16:40]} Bd7 {[%emt 0:21:04]} 17. Nf5 {[%emt 0:11:33]} gxf5 {[%emt 0:04:34]} 18. exf5 {[%emt 0:01:11]} a3 {[%emt 0:16:45]} 19. Bxc5 {[%emt 0:14:55]} dxc5 {[%emt 0:00:53]} 20. f6 axb2 {[%emt 0:00:49]} 21. g6 {[%emt 0:10:02]} Na4 {[%emt 0:08:44]} 22. Nxa4 {[%emt 0:08:03]} Qxa4 {[%emt 0:04:28]} 23. Qxa4 {[%emt 0:00:55]} Rxa4 {[%emt 0:00:05]} 24. fxg7 {[%emt 0:00:28]} Bf5+ {[%emt 0:02:35]} 25. Bd3 {[%emt 0:03:44]} Bxd3+ {[%emt 0:00:28]} 26. Rxd3 {[%emt 0:00:01]} Kxg7 {[%emt 0:00:29]} 27. gxf7+ {[%emt 0:00:02]} Kxf7 {[%emt 0:01:29]} 28. Rb3 {[%emt 0:01:17]} cxd5 {[%emt 0:03:05]} 29. Rxb7+ {[%emt 0:00:12]} Ke6 {[%emt 0:00:09]} 30. Rb6+ {[%emt 0:00:33]} Kf5 {[%emt 0:00:07]} 31. cxd5 {[%emt 0:00:20]} Rd4 {[%emt 0:02:15]} 1/2-1/2

[Event "Chelyabinskiy variant-A 2021"]
[Site "Chelyabinsk"]
[Date "2021.03.29"]
[Round "8.5"]
[White "Khanin, Semen"]
[Black "Shuvalova, Polina"]
[Result "1-0"]
[WhiteElo "2506"]
[BlackElo "2476"]
[Annotator "ChessBase"]
[PlyCount "61"]
[EventDate "2021.03.23"]
[EventType "swiss"]
[EventCountry "RUS"]
[SourceTitle "playchess.com"]
[Source "ChessBase"]
[SourceQuality "1"]
[TimeControl "5400+30"]

1. e4 {[%emt 0:00:00]} e5 {[%emt 0:00:00]} 2. Nf3 {[%emt 0:00:00]} Nc6 {[%emt 0:00:00]} 3. Bb5 {[%emt 0:00:00]} a6 {[%emt 0:00:00]} 4. Ba4 {[%emt 0:00:00]} Nf6 {[%emt 0:00:00]} 5. O-O {[%emt 0:00:00]} Be7 {[%emt 0:00:02]} 6. Re1 {[%emt 0:00:00]} b5 {[%emt 0:00:21]} 7. Bb3 {[%emt 0:00:02]} d6 {[%emt 0:01:18]} 8. c3 {[%emt 0:00:05]} O-O {[%emt 0:00:07]} 9. h3 {[%emt 0:00:03]} Re8 {[%emt 0:02:03]} 10. d4 {[%emt 0:00:32]} Bb7 {[%emt 0:00:21]} 11. Nbd2 {[%emt 0:00:06]} Bf8 {[%emt 0:00:06]} 12. a3 {[%emt 0:00:12]} g6 {[%emt 0:02:44]} 13. Ba2 {[%emt 0:01:12]} Bg7 {[%emt 0:01:10]} 14. b4 {[%emt 0:00:44]} a5 {[%emt 0:08:42]} 15. d5 {[%emt 0:01:15]} Ne7 {[%emt 0:01:44]} 16. Nb3 {[%emt 0:00:18]} axb4 {[%emt 0:00:10]} 17. cxb4 {[%emt 0:00:51]} Rc8 {[%emt 0:08:04]} 18. Na5 {[%emt 0:02:32]} Ba8 {[%emt 0:00:08]} 19. a4 {[%emt 0:10:29]} c6 {[%emt 0:10:47]} 20. dxc6 {[%emt 0:03:50]} Nxc6 {[%emt 0:02:10]} 21. axb5 {[%emt 0:09:47]} Nxb4 {[%emt 0:04:51]} 22. Bxf7+ {[%emt 0:05:46]} Kxf7 {[%emt 0:00:08]} 23. Qb3+ {[%emt 0:00:05]} d5 {[%emt 0:00:57]} 24. Qxb4 {[%emt 0:01:12]} Nxe4 {[%emt 0:04:05]} 25. b6 {[%emt 0:02:35]} Qe7 {[%emt 0:04:11]} 26. Rxe4 {[%emt 0:01:35]} dxe4 {[%emt 0:02:17]} 27. Qb3+ {[%emt 0:00:45]} Kf8 {[%emt 0:02:01]} 28. Ba3 {[%emt 0:00:04]} exf3 {[%emt 0:04:22]} 29. b7 {[%emt 0:01:07]} Bxb7 {[%emt 0:00:06]} 30. Nxb7 {[%emt 0:00:21]} e4 {[%emt 0:00:39]} 31. Rd1 {[%emt 0:01:30]} 1-0

[Event "Chelyabinskiy variant-A 2021"]
[Site "Chelyabinsk"]
[Date "2021.03.29"]
[Round "8.6"]
[White "Demchenko, Anton"]
[Black "Bezgodov, Alexei"]
[Result "1/2-1/2"]
[WhiteElo "2610"]
[BlackElo "2452"]
[Annotator "TA"]
[PlyCount "107"]
[EventDate "2021.03.23"]
[EventType "swiss"]
[EventCountry "RUS"]
[SourceTitle "playchess.com"]
[Source "ChessBase"]
[SourceQuality "1"]

{[%evp 11,107,10,39,31,50,25,26,33,35,24,40,35,50,5,10,9,6,12,8,1,0,0,46,47,47,47,35,38,41,25,48,54,48,51,51,64,62,22,19,14,16,0,0,0,0,0,0,0,0,-53,0,0,0,0,0,0,0,0,0,0,0,0,0,0,8,0,0,0,0,0,0,0,0,0,0,0,0,-3,0,0,0,0,0,0,0,0,0,0,0,0,0,0,0,0,0,0,0,0]} 1. e4 e5 2. Nf3 Nf6 3. Nxe5 d6 4. Nf3 Nxe4 5. Bd3 d5 6. Qe2 Qe7 7. O-O {C42: Petroff Defence: 3 Nxe5 and unusual White 3rd moves.} Nd6 {7...Nd6 scores better than 7...Nc5.} 8. Re1 Qxe2 9. Bxe2 {White has an edge.} Be7 10. Nc3 c6 11. b3 {[#]} f6 $146 ({Predecessor:} 11... O-O 12. Ba3 Rd8 13. Bf1 {½-½ (13) Godena,M (2535)-Mchedlishvili,M (2631) Calvia 2007}) 12. Na4 Kf7 13. c4 dxc4 14. bxc4 {next c5 is good for White.} Rd8 15. Bb2 {With the idea c5.} Na6 16. Rac1 b5 17. cxb5 cxb5 18. Nc3 Nc7 19. Nd4 Bd7 $1 {[#]} 20. Ne4 $1 Ne6 (20... Nc4 21. Nxb5) 21. Nxd6+ Bxd6 22. Bf3 {Strongly threatening Bd5.} Rac8 23. Rxc8 Bxc8 24. Nxb5 Bc5 25. d4 Bxd4 26. Ba3 Be5 27. Nxa7 Nd4 28. Be4 Be6 29. Bc5 Bxa2 30. Bxh7 (30. g3 $11) 30... Ne6 (30... Rd5 $15 31. Bxd4 Bxd4) 31. Nc6 $11 {The position is equal.} Bxh2+ 32. Kxh2 Rh8 33. Be3 Rxh7+ 34. Kg1 Bd5 35. Nb4 Bb7 36. Rd1 {[#] And now Rd7+ would win.} g5 37. Rd6 Bc8 38. Rc6 Rh8 39. Na2 Rd8 40. Nc3 Bb7 41. Rb6 Rd7 42. Nb5 {Hoping for Rxb7!} Bd5 43. Nd6+ Kg6 44. Nb5 Kf7 45. f3 Kg6 46. Nc3 Kf7 47. Kf2 Rd8 48. Nb5 Kg6 49. Nc3 Kf7 50. Ra6 Rd7 51. Rb6 Rd8 52. Ne2 Rc8 53. Rd6 Rd8 54. Rxd8 {Weighted Error Value: White=0.06/Black=0.03} 1/2-1/2

[Event "Chelyabinskiy variant-A 2021"]
[Site "Chelyabinsk"]
[Date "2021.03.29"]
[Round "8.7"]
[White "Azarov, Sergei"]
[Black "Gutenev, Alexander"]
[Result "1-0"]
[WhiteElo "2604"]
[BlackElo "2451"]
[Annotator "TA"]
[PlyCount "77"]
[EventDate "2021.03.23"]
[EventType "swiss"]
[EventCountry "RUS"]
[SourceTitle "playchess.com"]
[Source "ChessBase"]
[SourceQuality "1"]

{[%evp 25,77,42,52,18,30,5,50,8,36,-17,30,16,31,36,53,36,11,0,0,0,59,52,59,63,75,50,59,58,260,272,239,262,260,256,1902,2043,1965,1573,1878,1907,1851,1867,1827,1821,1627,1535,1213,908,29980,29981,29987,29988,29988,29989]} 1. e4 c5 2. Nf3 Nc6 3. d4 cxd4 4. Nxd4 Nf6 5. Nc3 d6 6. Bg5 e6 7. Qd2 a6 8. O-O-O Bd7 9. f4 Be7 10. Nf3 b5 11. Bxf6 gxf6 12. f5 Qb6 13. Kb1 O-O-O 14. a4 $5 {[%cal Ra4b5][%mdl 4] A promising side line. B69: Sicilian: Richter-Rauzer: 7...a6 8 0-0-0 Bd7 9 f4 Be7 10 Nf3 b5 11 Bxf6.} b4 15. Ne2 {[#]} Kb8 $146 ({Predecessor:} 15... e5 16. b3 Na5 17. Ng3 Bc6 18. Bd3 Rd7 19. Qe2 Kb7 20. Nd2 d5 21. exd5 Bxd5 {½-½ (77) Kushagra,M (2307)-Rathneesh,R (1893) New Delhi 2018}) 16. fxe6 {White is slightly better.} fxe6 17. Nf4 (17. b3 $14) 17... Na5 18. b3 d5 19. exd5 e5 {[#]} 20. Qe1 $1 Bc8 21. Bd3 Rhe8 22. Nh5 Bc5 ({Better is} 22... Rxd5 $11 23. Qe4 Red8 24. Qxh7 Bc5) 23. Qh4 $1 $14 (23. Bxh7 $6 e4 $11) 23... f5 24. Ng7 {[%mdl 64] Double Attack, Discovered Attack} e4 25. Nxe8 Rxe8 {[#]} 26. Rhe1 $1 {Strongly threatening Bf1.} Qg6 $2 {[#] This costs Black the game.} (26... Rf8 $1 $14) 27. Qf4+ $1 $18 Bd6 28. Qe3 {Qb6+ is the strong threat.} Kb7 29. Nd4 Qxg2 $2 {[#]} (29... Bc5 30. Bf1 Ka8) 30. Nc6 $1 Nxc6 31. dxc6+ Kxc6 {[#]} 32. Bb5+ $1 {[%mdl 512]} axb5 33. axb5+ Kd7 34. Qa7+ Ke6 35. Qb6 Kf7 36. Qxd6 Be6 37. Rg1 {White mates.} Qh3 38. Qc7+ Re7 {[#]} 39. Rg7+ $3 {[%mdl 512] Weighted Error Value: White=0.13/Black=0.69} 1-0